000 00999nam a22003017i 4500
003 EG-GICUC
005 20260121101408.0
008 251130s1932 fr ||||fr|||| 00| 0 fre d
040 _aEG-GiCUC
_bfre
_cEG-GiCUC
_dEG-GiCUC
_eRda
041 _afre
082 0 4 _221
_a341.22
_bRE . P
092 0 4 _221
099 _aLaw1 11 341.22 RE . P 1932
100 1 _aReale, Egido
_eAuteur
245 1 2 _aLa Politique Fasciste Et la societe des Nations preface de m. le comte Sforza /
_cEgido Reale.
264 1 _aparis :
_bA. pedone,Editeur,
_c1932.
300 _a84 page ;
_c 24 cm.
336 _2rda contenu
_a texte
337 _2rda medias
_aOrdinateur
338 _2 transporteur rda
_a Ressource en ligne
504 _aRéférences bibliographiques
546 _aTexte en français
650 1 4 _aSociété des Nations
_xDroit international public
_2qrmak
651 1 _2qrmak
856 4 0 _uhttps://fll.law.cu.edu.eg/fulltext/bks/B11-05847.pdf
905 _a75
_eHassnaa
942 _2ddc
_cBK
_e21
_n0
999 _c47496
_d47496